[Event "7. LGA Premium Cup"]
[Site "Nürnberg"]
[Date "2010.09.03"]
[Round "2.18"]
[White "Rau, Hannes"]
[Black "Böhle, Lars"]
[Result "1/2-1/2"]
[WhiteElo "2464"]
[BlackElo "2222"]
[PlyCount "115"]
[EventDate "2010.??.??"]
[WhiteTeam "SV Hockenheim"]
[BlackTeam "Schachgesellschaft Bochum 1931"]

1. d4 Nf6 2. c4 c5 3. d5 b5 4. cxb5 a6 5. bxa6 g6 6. Nc3 Bxa6 7. g3 d6 8. Bg2
Bg7 9. Nf3 Nbd7 10. O-O O-O 11. Qc2 Qa5 12. Rd1 Nb6 13. Nd2 Bb7 14. e4 c4 15.
Nf3 Nfd7 16. Be3 Na4 17. Nxa4 Qxa4 18. Qxa4 Rxa4 19. Bd4 Rfa8 20. a3 Bxd4 21.
Rxd4 Nc5 22. Nd2 Ba6 23. Bf1 Rb8 24. Rb1 Nb3 25. Nxb3 Rxb3 26. Be2 Raxa3 27.
Bxc4 Bxc4 28. Rxc4 Ra2 29. Rc2 Kg7 30. Re2 f6 31. Kf1 h5 32. h4 Kf7 33. Ke1 f5
34. exf5 gxf5 35. Kf1 Ra7 36. Rd1 Rab7 37. Rdd2 R7b4 38. Rc2 Re4 39. Rc3 Rxe2
40. Rxb3 Rd2 41. Rb5 f4 42. Kg2 fxg3 43. Kxg3 Kf6 44. b4 Rd3+ 45. f3 Ke5 46.
Rb7 Kf6 47. b5 Rxd5 48. b6 Rb5 49. Rb8 Rb4 50. f4 Rb3+ 51. Kf2 e6 52. b7 Kg7
53. Ke2 Rb2+ 54. Kd3 Rb1 55. Kc4 Rb2 56. Re8 Rxb7 57. Rxe6 Rf7 58. Rxd6 1/2-1/2

[Event "7. LGA Premium Cup"]
[Site "Nürnberg"]
[Date "2010.09.03"]
[Round "2.19"]
[White "Nuber, Korbinian"]
[Black "Tischbierek, Raj"]
[Result "1/2-1/2"]
[WhiteElo "2211"]
[BlackElo "2451"]
[PlyCount "96"]
[EventDate "2010.??.??"]
[WhiteTeam "SC Dillingen"]
[BlackTeam "FC Bayern München e.V."]

1. e4 c5 2. Nc3 a6 3. Nf3 e6 4. g3 b5 5. Bg2 Bb7 6. d3 d6 7. O-O Be7 8. Re1 Nf6
9. e5 dxe5 10. Nxe5 Qc8 11. a4 Bxg2 12. Kxg2 Nc6 13. Nxc6 Qxc6+ 14. Qf3 Qxf3+
15. Kxf3 b4 16. Ne4 Nd7 17. b3 f5 18. Nd2 Bf6 19. Rb1 Ne5+ 20. Kg2 Kf7 21. Nf3
Nxf3 22. Kxf3 g5 23. Bd2 g4+ 24. Kg2 Bd4 25. Rbc1 Rac8 26. c3 bxc3 27. Bxc3
Rhd8 28. Bxd4 cxd4 29. Kf1 a5 30. Rxc8 Rxc8 31. Re5 Rc3 32. Rxa5 Rxb3 33. Ke2
Rb2+ 34. Ke1 Kf6 35. Ra7 h5 36. Rd7 Rb4 37. Rh7 Rxa4 38. Rxh5 Ra3 39. Ke2 Ra2+
40. Ke1 Ra1+ 41. Ke2 Rh1 42. Rh7 e5 43. Rh6+ Kf7 44. Kd2 Kg7 45. Re6 Rxh2 46.
Ke1 Rh1+ 47. Kd2 Rh2 48. Ke1 Rh1+ 1/2-1/2

[Event "7. LGA Premium Cup"]
[Site "Nürnberg"]
[Date "2010.09.03"]
[Round "2.20"]
[White "Hirneise, Tobias"]
[Black "Kahlert, Thomas"]
[Result "1-0"]
[WhiteElo "2436"]
[BlackElo "2221"]
[PlyCount "73"]
[EventDate "2010.??.??"]
[WhiteTeam "Schachverein Wattenscheid 1930"]
[BlackTeam "SK Norderstedt von 1975"]

1. d4 Nf6 2. c4 g6 3. g3 Bg7 4. Bg2 d5 5. cxd5 Nxd5 6. Nf3 O-O 7. O-O Nc6 8.
Nc3 Nb6 9. e3 e5 10. d5 Ne7 11. e4 Bg4 12. h3 Bxf3 13. Qxf3 c6 14. Rd1 cxd5 15.
exd5 Nf5 16. d6 Rb8 17. Be3 Nd4 18. Bxd4 exd4 19. Nb5 Nc4 20. Qd5 Nxb2 21. Rd2
d3 22. Rb1 Na4 23. Qxd3 a6 24. Nc7 b5 25. Nxa6 Rb6 26. Nc7 Nc3 27. Re1 Bf6 28.
a3 Qd7 29. Rc1 Rc8 30. Rxc3 Bxc3 31. Qxc3 Rxd6 32. Rc2 Rd4 33. Bf1 Rd1 34. Kg2
Qe7 35. Bxb5 Qe4+ 36. f3 Qe7 37. Nd5 1-0

[Event "7. LGA Premium Cup"]
[Site "Nürnberg"]
[Date "2010.09.03"]
[Round "2.21"]
[White "Eppinger, Georg"]
[Black "Farago, Ivan"]
[Result "0-1"]
[WhiteElo "2212"]
[BlackElo "2420"]
[PlyCount "46"]
[EventDate "2010.??.??"]
[WhiteTeam "SGEM Dreisamtal"]
[BlackTeam "SC Rottal"]

1. e4 e6 2. d4 d5 3. Nc3 Bb4 4. exd5 exd5 5. Bd3 Nc6 6. Nf3 Bg4 7. h3 Bxf3 8.
Qxf3 Nxd4 9. Qg4 Bxc3+ 10. bxc3 Qe7+ 11. Kd1 Ne6 12. Re1 Nf6 13. Qa4+ Qd7 14.
Qa3 Ne4 15. Be3 Qd6 16. Qa4+ c6 17. Bxe4 dxe4+ 18. Ke2 f5 19. Rab1 O-O 20. Rxb7
f4 21. Rd1 Qe5 22. Bd4 f3+ 23. Ke1 fxg2 0-1

[Event "7. LGA Premium Cup"]
[Site "Nürnberg"]
[Date "2010.09.03"]
[Round "2.22"]
[White "Renner, Christoph"]
[Black "Donchenko, Alexander"]
[Result "1-0"]
[WhiteElo "2420"]
[BlackElo "2204"]
[PlyCount "83"]
[EventDate "2010.??.??"]
[WhiteTeam "FC Bayern München e.V."]
[BlackTeam "SK 1858 Gießen"]

1. d4 d5 2. Bg5 h6 3. Bh4 c6 4. Nc3 Qb6 5. Rb1 Nd7 6. e4 dxe4 7. Nxe4 Qa5+ 8.
b4 Qd5 9. Nc3 Qe6+ 10. Be2 Ngf6 11. Nf3 Nd5 12. Nxd5 cxd5 13. O-O Qc6 14. c4 e6
15. b5 Qc7 16. cxd5 exd5 17. b6 axb6 18. Bb5 Bd6 19. Re1+ Kf8 20. Rc1 Qb8 21.
Qe2 g5 22. Bg3 Kg7 23. Rxc8 Rxc8 24. Bxd7 Rd8 25. Bb5 Bxg3 26. hxg3 Qd6 27. a4
Rac8 28. Ne5 Qb4 29. Rd1 Rc7 30. Ng4 Re7 31. Qf3 Re1+ 32. Kh2 Re6 33. Ne3 Rf6
34. Nf5+ Kh8 35. g4 Kg8 36. g3 Qb2 37. Kg2 h5 38. Ne7+ Kg7 39. Nf5+ Kg8 40. Rh1
hxg4 41. Qxg4 Qc2 42. Qxg5+ 1-0

[Event "7. LGA Premium Cup"]
[Site "Nürnberg"]
[Date "2010.09.03"]
[Round "2.23"]
[White "Hirschberg, Valerian"]
[Black "Gutman, Lev"]
[Result "0-1"]
[WhiteElo "2137"]
[BlackElo "2419"]
[PlyCount "80"]
[EventDate "2010.??.??"]
[WhiteTeam "SV Pfinztal e. V."]
[BlackTeam "SC Melle 03"]

1. Nf3 Nf6 2. c4 g6 3. g3 Bg7 4. Bg2 O-O 5. d4 d5 6. cxd5 Nxd5 7. O-O c6 8. h3
Nd7 9. Nc3 Nxc3 10. bxc3 Qa5 11. Qb3 Nb6 12. Qa3 Qxa3 13. Bxa3 Nc4 14. Bxe7 Re8
15. Bg5 h6 16. Be3 Nxe3 17. fxe3 Rxe3 18. Rac1 Rxe2 19. Rf2 Rxf2 20. Kxf2 Be6
21. Rc2 Rc8 22. Nd2 b6 23. Nf1 c5 24. d5 Bf5 25. Rc1 c4 26. Ne3 Bd7 27. h4 h5
28. Bf3 Kf8 29. Be2 b5 30. Rc2 Bh6 31. Bf3 Ke7 32. Re2 Kd6 33. Nc2 Re8 34. Nd4
Rxe2+ 35. Kxe2 Bg7 36. Ke3 Kc5 37. Ne2 Be5 38. Ke4 Bd6 39. Ke3 Bf5 40. Nd4 Bg4
0-1

[Event "7. LGA Premium Cup"]
[Site "Nürnberg"]
[Date "2010.09.03"]
[Round "2.24"]
[White "Fedorovsky, Michael"]
[Black "Nabavi, Parwis"]
[Result "1/2-1/2"]
[WhiteElo "2411"]
[BlackElo "2203"]
[PlyCount "46"]
[EventDate "2010.??.??"]
[WhiteTeam "SC Tarrasch 45 München"]
[BlackTeam "SGEM Dreisamtal"]

1. d4 d5 2. c4 e6 3. Nc3 Nf6 4. cxd5 exd5 5. Bg5 Be7 6. e3 c6 7. Bd3 O-O 8. Qc2
Nbd7 9. Nf3 Re8 10. O-O-O Nf8 11. h3 Be6 12. Kb1 Ne4 13. Bxe7 Nxc3+ 14. Qxc3
Qxe7 15. g4 Rac8 16. Rhg1 b6 17. Rc1 c5 18. dxc5 bxc5 19. Ka1 Red8 20. Ba6 Rc6
21. Bb5 Rcc8 22. Ba6 Rc6 23. Bb5 Rcc8 1/2-1/2

[Event "7. LGA Premium Cup"]
[Site "Nürnberg"]
[Date "2010.09.03"]
[Round "2.25"]
[White "Stiller, Jürgen"]
[Black "Zude, Erik"]
[Result "1/2-1/2"]
[WhiteElo "2195"]
[BlackElo "2406"]
[PlyCount "118"]
[EventDate "2010.??.??"]
[WhiteTeam "SW Nürnberg Süd e.V."]
[BlackTeam "SV 1920 Hofheim"]

1. Nf3 Nf6 2. g3 g6 3. Bg2 Bg7 4. O-O O-O 5. d4 d6 6. c4 Nc6 7. Nc3 a6 8. d5
Na5 9. Nd2 c5 10. Qc2 Rb8 11. b3 b5 12. Bb2 bxc4 13. bxc4 Bh6 14. f4 e5 15.
dxe6 Bxe6 16. Nd5 Rxb2 17. Qxb2 Bxd5 18. cxd5 Ng4 19. Qa3 Bg7 20. Rac1 Ne3 21.
Rfe1 Re8 22. Bf3 Bd4 23. Kh1 h5 24. Qa4 h4 25. gxh4 Kg7 26. h5 Nf5 27. e4 Nh4
28. Re2 Rh8 29. Rf1 Qb6 30. Rb1 Qc7 31. Bg4 gxh5 32. Qd7 Qxd7 33. Bxd7 Ng6 34.
Rg2 Kh6 35. Rf1 Rb8 36. Ba4 Nh4 37. Re2 Rb2 38. Rfe1 Rxa2 39. Be8 Ng6 40. Nf3
Rxe2 41. Rxe2 Nxf4 42. Nxd4 cxd4 43. Ra2 Nb3 44. Rxa6 Nc5 45. Rxd6+ Kg7 46. Rb6
d3 47. d6 d2 48. Rb1 Nxe4 49. Ba4 Nxd6 50. Rb4 Ne2 51. Bc2 Kf6 52. Kg2 Ke5 53.
Rh4 f5 54. Kf2 Nc3 55. Rxh5 Nde4+ 56. Kf3 d1=Q+ 57. Bxd1 Nxd1 58. h4 Ndf2 59.
Rxf5+ Kxf5 1/2-1/2

[Event "7. LGA Premium Cup"]
[Site "Nürnberg"]
[Date "2010.09.03"]
[Round "2.26"]
[White "Eisenbeiser, Amadeus"]
[Black "Bauer, Andreas"]
[Result "1-0"]
[WhiteElo "2397"]
[BlackElo "2199"]
[PlyCount "155"]
[EventDate "2010.??.??"]
[WhiteTeam "BG Buchen"]
[BlackTeam "SC Postbauer-Heng e.V"]

1. e4 c5 2. Nf3 d6 3. d4 Nf6 4. Nc3 cxd4 5. Nxd4 a6 6. a4 Nc6 7. Be2 e5 8. Nf3
h6 9. Bc4 Be7 10. Qe2 O-O 11. O-O Be6 12. Rd1 Bxc4 13. Qxc4 Rc8 14. Qe2 Qb6 15.
Ra3 Qc7 16. Nd5 Nxd5 17. Rxd5 f5 18. Rc3 Qd7 19. Rd1 Qe6 20. exf5 Rxf5 21. Rxc6
Rxc6 22. Nd4 Qc8 23. Nxf5 Qxf5 24. c3 Bg5 25. Bxg5 Qxg5 26. Qd3 Qg4 27. a5 Kh8
28. h3 Qa4 29. Qd5 Qc2 30. Rd2 Qc1+ 31. Kh2 Kh7 32. g3 Kh8 33. Kg2 Qe1 34. Qd3
Qa1 35. Qd5 Qe1 36. h4 e4 37. Rd4 Rc5 38. Qxd6 Rf5 39. Qd8+ Kh7 40. Rd2 e3 41.
fxe3 Qf1+ 42. Kh2 Rf2+ 43. Rxf2 Qxf2+ 44. Kh3 Qf5+ 45. Kg2 Qe4+ 46. Kf2 Qc2+
47. Kf3 Qf5+ 48. Ke2 Qe4 49. Kf2 Qf5+ 50. Ke1 Qb1+ 51. Ke2 Qxb2+ 52. Qd2 Qa1
53. c4 Qe5 54. Qd3+ Kh8 55. Qd5 Qxg3 56. Qxb7 Qh2+ 57. Kd3 Qxh4 58. Qxa6 Qd8+
59. Kc3 h5 60. Qb6 Qe7 61. a6 Qa3+ 62. Kd4 Qa1+ 63. Kd5 h4 64. Qd8+ Kh7 65.
Qxh4+ Kg6 66. Qe4+ Kh6 67. Qf4+ g5 68. Qf8+ Kh5 69. Qf7+ Kh4 70. a7 g4 71. Qh7+
Kg3 72. Qb7 Qh1+ 73. e4 Qh5+ 74. Kc6 Qg6+ 75. Kb5 Qe8+ 76. Kb6 Qe6+ 77. Qc6
Qxc6+ 78. Kxc6 1-0

[Event "7. LGA Premium Cup"]
[Site "Nürnberg"]
[Date "2010.09.03"]
[Round "2.27"]
[White "Schatz, Christian"]
[Black "Lechtynsky, Jiri"]
[Result "1/2-1/2"]
[WhiteElo "2189"]
[BlackElo "2380"]
[PlyCount "67"]
[EventDate "2010.??.??"]
[WhiteTeam "Schachzentrum Fürth 2002"]
[BlackTeam "SC Hoyerswerda"]

1. Nf3 Nf6 2. d4 d5 3. e3 c5 4. c4 cxd4 5. exd4 e6 6. Nc3 Bb4 7. Qb3 Nc6 8. Bg5
O-O 9. Be2 dxc4 10. Qxc4 Be7 11. O-O Nd5 12. Bxe7 Ncxe7 13. Rfd1 b6 14. Ne5 Bb7
15. Bf3 Rc8 16. Qa4 Nxc3 17. bxc3 Bxf3 18. Nxf3 Nd5 19. Rd3 Rxc3 20. Rxc3 Nxc3
21. Qxa7 Ne2+ 22. Kf1 Nf4 23. Qb7 Nd5 24. Rb1 Qd6 25. Qa6 Qc6 26. Ne5 Qc2 27.
Re1 g6 28. a4 Kg7 29. Qb5 Qc7 30. Rb1 Rc8 31. Qd7 Qxd7 32. Nxd7 Rc7 33. Nxb6
Nxb6 34. Rxb6 1/2-1/2

[Event "7. LGA Premium Cup"]
[Site "Nürnberg"]
[Date "2010.09.03"]
[Round "2.28"]
[White "Kunin, Vitaly"]
[Black "Hirn, Oskar"]
[Result "1-0"]
[WhiteElo "2538"]
[BlackElo "2246"]
[PlyCount "47"]
[EventDate "2010.??.??"]
[WhiteTeam "Freibauer Mörlenbach-Birkenau"]
[BlackTeam "SC Noris-Tarrasch Nürnberg 1873"]

1. d4 Nf6 2. c4 g6 3. Nc3 Bg7 4. e4 d6 5. h3 e5 6. d5 O-O 7. Bg5 Nbd7 8. Bd3
Nc5 9. Bc2 h6 10. Be3 a5 11. Qd2 Kh7 12. g4 Ng8 13. Nge2 Bf6 14. O-O-O Bg5 15.
f4 exf4 16. Nxf4 Nd7 17. h4 Bxh4 18. Ng2 Ne5 19. Nxh4 Nxc4 20. Qf2 Nxe3 21.
Qxe3 Bxg4 22. Rdg1 Bd7 23. e5 dxe5 24. Nxg6 1-0

[Event "7. LGA Premium Cup"]
[Site "Nürnberg"]
[Date "2010.09.03"]
[Round "2.29"]
[White "Seibold, Hubert"]
[Black "Donchenko, Anatoly"]
[Result "0-1"]
[WhiteElo "2180"]
[BlackElo "2363"]
[PlyCount "122"]
[EventDate "2010.??.??"]
[WhiteTeam "SK Zirndorf e.V."]
[BlackTeam "SK 1858 Gießen"]

1. e4 c5 2. Nf3 d6 3. d4 cxd4 4. Nxd4 Nf6 5. Nc3 e6 6. g4 h6 7. g5 hxg5 8. Bxg5
Nc6 9. h4 Qb6 10. Nb3 a6 11. Qd2 Qc7 12. Be2 b5 13. a3 Bb7 14. f4 Nh5 15. Bxh5
Rxh5 16. f5 Ne5 17. Qe2 Rh8 18. fxe6 fxe6 19. O-O-O Be7 20. Nd4 Qd7 21. Nf3
Nxf3 22. Qxf3 O-O-O 23. Qg4 Bf6 24. Rh3 e5 25. Qxd7+ Kxd7 26. Rg3 Rh7 27. Nd5
Bxd5 28. Rxd5 Ke6 29. a4 bxa4 30. Ra5 Bxg5+ 31. Rxg5 Rxh4 32. Rxa4 Kf6 33. Rf5+
Ke6 34. Rg5 Rd7 35. Kd2 Rc7 36. c3 Rh2+ 37. Kd3 Rxb2 38. Rg6+ Kf7 39. Rxd6 Rg2
40. c4 Rg6 41. Kd2 Rg2+ 42. Kd3 Rg3+ 43. Kd2 Rb7 44. Kc2 Rbb3 45. Raxa6 Rbc3+
46. Kd2 Rxc4 47. Ra7+ Kg8 48. Rd8+ Kh7 49. Rd3 Rg2+ 50. Ke3 Rg4 51. Rdd7 Rcxe4+
52. Kf3 Ref4+ 53. Ke2 Kh6 54. Re7 Rg5 55. Ra5 Kh5 56. Rexe5 Rxe5+ 57. Rxe5+ g5
58. Ke1 Kh4 59. Re2 g4 60. Rf2 Rxf2 61. Kxf2 Kh3 0-1

[Event "7. LGA Premium Cup"]
[Site "Nürnberg"]
[Date "2010.09.03"]
[Round "2.30"]
[White "Mons, Leon"]
[Black "Troyke, Christian"]
[Result "0-1"]
[WhiteElo "2178"]
[BlackElo "2359"]
[PlyCount "57"]
[EventDate "2010.??.??"]
[WhiteTeam "SC Forchheim e.V."]
[BlackTeam "Erfurter Schachklub"]

1. e4 c5 2. Nf3 Nc6 3. d4 cxd4 4. Nxd4 g6 5. c4 Bg7 6. Be3 Nf6 7. Nc3 O-O 8.
Be2 d6 9. O-O Bd7 10. f3 Nxd4 11. Bxd4 a5 12. Qd2 Bc6 13. Rac1 Nd7 14. Bxg7
Kxg7 15. Qd4+ f6 16. Rfd1 Nc5 17. f4 Qb6 18. Nd5 Bxd5 19. cxd5 Qa7 20. Kh1 Rfc8
21. Rc2 Qb8 22. Bb5 Rc7 23. Rdc1 Qd8 24. Rc4 Rac8 25. e5 Kg8 26. h3 Qf8 27. e6
f5 28. Kh2 Ra8 29. Qd1 {Zeit} 0-1

[Event "7. LGA Premium Cup"]
[Site "Nürnberg"]
[Date "2010.09.03"]
[Round "2.31"]
[White "Köpke, Christian"]
[Black "Meulner, Klaus"]
[Result "1-0"]
[WhiteElo "2358"]
[BlackElo "2188"]
[PlyCount "73"]
[EventDate "2010.??.??"]
[WhiteTeam "SC Tarrasch 45 München"]
[BlackTeam "SW Nürnberg Süd e.V."]

1. e4 e6 2. d4 d5 3. Nc3 Nc6 4. Nf3 Nf6 5. e5 Ne4 6. Ne2 f6 7. Ng3 fxe5 8. Bb5
exd4 9. Nxe4 dxe4 10. Nxd4 Kf7 11. Nxc6 Qxd1+ 12. Kxd1 bxc6 13. Bxc6 Rb8 14.
Bxe4 Ba6 15. c3 Bc5 16. f3 Bc4 17. Kc2 Kf6 18. Bf4 e5 19. Bd2 Rhd8 20. b3 Be6
21. Rad1 a5 22. c4 a4 23. Ba5 Bb6 24. Bxb6 Rxd1 25. Rxd1 Rxb6 26. Rd8 h6 27.
Ra8 axb3+ 28. axb3 Rd6 29. Ra7 Rd7 30. Bc6 Bf5+ 31. Kc3 Rd3+ 32. Kb4 Ke7 33.
Bb5 Kd8 34. Ra8+ Ke7 35. Re8+ Kf6 36. Rf8+ Kg6 37. Be8+ 1-0

[Event "7. LGA Premium Cup"]
[Site "Nürnberg"]
[Date "2010.09.03"]
[Round "2.32"]
[White "Nöckler, Alexander"]
[Black "Huss, Rolf"]
[Result "0-1"]
[WhiteElo "2003"]
[BlackElo "2153"]
[PlyCount "74"]
[EventDate "2010.??.??"]
[WhiteTeam "Schachklub Weiden 1907"]
[BlackTeam "SC Fulda"]

1. c4 g6 2. Nc3 Bg7 3. d4 f5 4. g3 Nf6 5. Bg2 d6 6. d5 O-O 7. e3 e5 8. dxe6 c6
9. Nge2 Bxe6 10. Qd3 Na6 11. b3 Ne4 12. Ba3 Qa5 13. Bb2 d5 14. cxd5 Nb4 15. Qd1
Nxd5 16. Bxe4 fxe4 17. Qc2 Nb4 18. Qxe4 Bd5 19. Nxd5 Nd3+ 20. Kf1 Bxb2 21. Ne7+
Kh8 22. Qxd3 Bxa1 23. Nf4 Bf6 24. Nexg6+ hxg6 25. Nxg6+ Kg7 26. Nxf8 Rxf8 27.
Qd7+ Rf7 28. Qg4+ Kh7 29. Qe6 Qh5 30. Kg2 Bg7 31. Qe4+ Kg8 32. h4 Qe2 33. Rf1
Qxa2 34. Qe6 Qe2 35. g4 Qf3+ 36. Kh2 Bf8 37. g5 Kh8 0-1

[Event "7. LGA Premium Cup"]
[Site "Nürnberg"]
[Date "2010.09.03"]
[Round "2.33"]
[White "Grimberg, Boris"]
[Black "Schütze, Norman"]
[Result "0-1"]
[WhiteElo "2355"]
[BlackElo "2181"]
[PlyCount "46"]
[EventDate "2010.??.??"]
[WhiteTeam "SAbt TSV Haunstetten"]
[BlackTeam "SG 1871 Löberitz"]

1. d4 Nf6 2. c4 g6 3. Nc3 Bg7 4. e4 d6 5. f4 O-O 6. Nf3 Na6 7. Be2 e5 8. fxe5
dxe5 9. d5 Nc5 10. Qc2 Nfxe4 11. Nxe4 Bf5 12. Bd3 Bxe4 13. Bxe4 f5 14. Bxf5
Rxf5 15. Be3 e4 16. Bxc5 exf3 17. O-O b6 18. Be3 Qf6 19. Rae1 Rf8 20. b3 Qh4
21. gxf3 Rxf3 22. Qg2 Bc3 23. Rf2 Bxe1 0-1

[Event "7. LGA Premium Cup"]
[Site "Nürnberg"]
[Date "2010.09.03"]
[Round "2.35"]
[White "Levushkina, Elena"]
[Black "Schönberger, Peter"]
[Result "1-0"]
[WhiteElo "2346"]
[BlackElo "2174"]
[PlyCount "53"]
[EventDate "2010.??.??"]
[WhiteTeam "SC Tarrasch 45 München"]
[BlackTeam "Caissa Schwarmstedt"]

1. e4 e5 2. Nf3 Nc6 3. d4 exd4 4. Nxd4 Bc5 5. Nxc6 Qf6 6. Qf3 Qxc6 7. Nc3 Ne7
8. Bb5 Qg6 9. Bf4 Bb6 10. O-O-O a6 11. Ba4 Ba5 12. Nd5 Nxd5 13. Rxd5 b5 14. Rg5
Qf6 15. Bb3 Bb7 16. Re5+ Kf8 17. Qg3 Qg6 18. Rg5 Qxe4 19. Rxg7 d5 20. Bh6 Ke8
21. c3 Qe6 22. Bd2 Kd7 23. Qf3 Raf8 24. Re1 Qd6 25. Qf5+ Kc6 26. Bf4 Qd8 27.
Re6+ 1-0

[Event "7. LGA Premium Cup"]
[Site "Nürnberg"]
[Date "2010.09.03"]
[Round "2.36"]
[White "Göbel, Constantin"]
[Black "Unzicker, Ferdinand"]
[Result "1-0"]
[WhiteElo "2114"]
[BlackElo "2330"]
[PlyCount "59"]
[EventDate "2010.??.??"]
[WhiteTeam "TSV Schott Mainz"]
[BlackTeam "FC Bayern München e.V."]

1. e4 e6 2. d4 d5 3. Nc3 Nf6 4. Bg5 Bb4 5. e5 h6 6. Bd2 Bxc3 7. Bxc3 Ne4 8. Ne2
c5 9. dxc5 O-O 10. Bd4 Na6 11. Nc3 Naxc5 12. Nxe4 Nxe4 13. Bd3 b6 14. O-O Nc5
15. f4 Qc7 16. c3 Ba6 17. Bxa6 Nxa6 18. Qg4 Nc5 19. Rf3 Ne4 20. Re1 Qc4 21. Rh3
Qxa2 22. Rxh6 Qxb2 23. Rh3 Rfc8 24. Qh4 Kf8 25. f5 exf5 26. e6 Qd2 27. Rf1 f6
28. Qh8+ Ke7 29. Qxg7+ Kxe6 30. Rh7 1-0

[Event "7. LGA Premium Cup"]
[Site "Nürnberg"]
[Date "2010.09.03"]
[Round "2.37"]
[White "Kersten, Uwe"]
[Black "Klek, Hanna-Marie"]
[Result "1-0"]
[WhiteElo "2325"]
[BlackElo "2169"]
[PlyCount "85"]
[EventDate "2010.??.??"]
[WhiteTeam "Kasseler SK 1876"]
[BlackTeam "SC Erlangen 48/88"]

1. d4 d5 2. c4 e6 3. Nf3 Nf6 4. g3 Be7 5. Bg2 O-O 6. O-O c6 7. Nbd2 Nbd7 8. Qc2
b6 9. e4 dxe4 10. Nxe4 Nxe4 11. Qxe4 Ba6 12. b3 c5 13. Rd1 Rc8 14. Bf4 Nf6 15.
Qe1 cxd4 16. Nxd4 Qe8 17. a4 Rc5 18. Nb5 Bxb5 19. axb5 Nh5 20. Be3 Rc7 21. Bf3
Nf6 22. Bf4 Rd7 23. Bc6 Rxd1 24. Qxd1 Qc8 25. Rxa7 e5 26. Bxe5 Rd8 27. Qf3 Qe6
28. Bc3 Bc5 29. Kg2 h5 30. h3 h4 31. g4 Nd7 32. Bd5 Qg6 33. Be4 Qe6 34. Bd5 Qg6
35. Qf5 Qxf5 36. gxf5 Kf8 37. Rb7 f6 38. f4 Ke7 39. Kf3 Kd6 40. b4 Bg1 41. Bc6
Ke7 42. Ke4 Kd6 43. Rxd7+ 1-0

[Event "7. LGA Premium Cup"]
[Site "Nürnberg"]
[Date "2010.09.03"]
[Round "2.38"]
[White "Stein, Marco"]
[Black "Heinzel, Olaf"]
[Result "0-1"]
[WhiteElo "2156"]
[BlackElo "2324"]
[PlyCount "74"]
[EventDate "2010.??.??"]
[WhiteTeam "SV Alsfeld"]
[BlackTeam "Schachclub Hansa Dortmund e.V."]

1. d4 Nf6 2. c4 c5 3. d5 b5 4. cxb5 a6 5. f3 d6 6. e4 Nbd7 7. Na3 g6 8. Ne2 Bg7
9. Nc3 O-O 10. Be2 Ne8 11. Be3 Nc7 12. Qd2 axb5 13. Naxb5 Ba6 14. Nxc7 Qxc7 15.
Bh6 Bxh6 16. Qxh6 Rfb8 17. Rb1 Qa5 18. O-O Bxe2 19. Nxe2 Qxa2 20. Nc3 Qc4 21.
Qh4 Qd4+ 22. Kh1 Qf6 23. Qg3 Rb3 24. h3 Rab8 25. Qf2 Ne5 26. f4 Nd3 27. Qe3
Nxb2 28. e5 Qf5 29. g4 Qc8 30. Rbc1 Na4 31. f5 Nxc3 32. Rxc3 Qb7 33. Rd1 Rxc3
34. Qxc3 Qb4 35. Qe3 Qa4 36. Rd3 Qc2 37. Rd2 Qc1+ 0-1

[Event "7. LGA Premium Cup"]
[Site "Nürnberg"]
[Date "2010.09.03"]
[Round "2.39"]
[White "Schramm, Christian"]
[Black "Melzner, Lukas"]
[Result "1-0"]
[WhiteElo "2322"]
[BlackElo "2159"]
[PlyCount "129"]
[EventDate "2010.??.??"]
[WhiteTeam "SC 1959 Obernau"]
[BlackTeam "SK Klosterlechfeld"]

1. e4 e6 2. d4 d5 3. Nc3 Bb4 4. exd5 exd5 5. Bd3 Nf6 6. Qf3 Bg4 7. Qg3 Qe7+ 8.
Kf1 Bd6 9. Nxd5 Bxg3 10. Nxe7 Bxh2 11. Nf5 Bxf5 12. Bxf5 Bxg1 13. Kxg1 Nbd7 14.
Bf4 O-O-O 15. Bg5 Kb8 16. Bxd7 Rxd7 17. Bxf6 gxf6 18. Rd1 c5 19. d5 c4 20. Rh4
b5 21. a4 a6 22. axb5 axb5 23. d6 Kb7 24. Rh5 Kc6 25. Rdd5 Rb8 26. g3 Rxd6 27.
Rc5+ Kd7 28. Rxb5 Rxb5 29. Rxb5 c3 30. bxc3 Rd1+ 31. Kg2 Rc1 32. Rd5+ Ke6 33.
Rd2 Ra1 34. c4 Ra4 35. Rd4 Ra2 36. Re4+ Kf5 37. Rf4+ Ke5 38. Kf3 Rxc2 39. Re4+
Kf5 40. Rf4+ Ke5 41. Ke3 f5 42. Kd3 Rc1 43. Kd2 Ra1 44. Kc3 Rb1 45. c5 h5 46.
Kc4 Rb2 47. Rf3 Rc2+ 48. Kb5 h4 49. gxh4 f4 50. c6 Ke4 51. Rb3 Rxf2 52. c7 Rc2
53. Kb6 f3 54. Kb7 f2 55. Rb1 Kf3 56. c8=Q Rxc8 57. Kxc8 f5 58. h5 Kg2 59. h6
f1=Q 60. Rxf1 Kxf1 61. h7 f4 62. h8=Q f3 63. Qh1+ Ke2 64. Qh5 Ke3 65. Qe5+ 1-0

[Event "7. LGA Premium Cup"]
[Site "Nürnberg"]
[Date "2010.09.03"]
[Round "2.40"]
[White "Finster, Michael"]
[Black "Jahnel, Günther"]
[Result "0-1"]
[WhiteElo "2153"]
[BlackElo "2320"]
[PlyCount "90"]
[EventDate "2010.??.??"]
[WhiteTeam "SW Nürnberg Süd e.V."]
[BlackTeam "SC Hoyerswerda"]

1. e4 d6 2. d4 Nf6 3. Nc3 g6 4. f4 Bg7 5. Nf3 c5 6. Bb5+ Bd7 7. e5 Ng4 8. e6
Bxb5 9. exf7+ Kd7 10. Nxb5 Qa5+ 11. Nc3 cxd4 12. Nxd4 Bxd4 13. Qxd4 Nc6 14. Qd1
h5 15. h3 Nf6 16. O-O Rhf8 17. Be3 Rxf7 18. a3 Rc8 19. b4 Qf5 20. Qf3 b6 21.
Rfd1 Ke8 22. Nd5 Nxd5 23. Rxd5 Qe6 24. Re1 Rf5 25. Rxf5 Qxf5 26. c4 Qd3 27. Rd1
Qxc4 28. f5 Ne5 29. Qg3 Qb3 30. Re1 gxf5 31. Qg5 Qf7 32. Rf1 e6 33. Bd4 Qg6 34.
Qd2 Nf7 35. Qe2 e5 36. Bf2 f4 37. Qb5+ Ke7 38. Bh4+ Kf8 39. Qd7 Rc2 40. Qe7+
Kg8 41. Qb7 e4 42. g3 f3 43. Qxa7 Rg2+ 44. Kh1 Qf5 45. g4 Qf4 0-1

[Event "7. LGA Premium Cup"]
[Site "Nürnberg"]
[Date "2010.09.03"]
[Round "2.41"]
[White "Heidrich, Manfred"]
[Black "Demel, Paul"]
[Result "1-0"]
[WhiteElo "2316"]
[BlackElo "2152"]
[PlyCount "33"]
[EventDate "2010.??.??"]
[WhiteTeam "SC Forchheim e.V."]
[BlackTeam "SK Kriegshaber"]

1. f4 d5 2. Nf3 g6 3. g3 Bg7 4. Bg2 Nf6 5. O-O O-O 6. d3 c5 7. Qe1 d4 8. Na3
Nc6 9. Bd2 Nd5 10. c3 e5 11. fxe5 Nxe5 12. Nxe5 Bxe5 13. Nc2 Bg7 14. c4 Nf6 15.
b4 Nd7 16. Rb1 Qe7 17. Qf2 1-0

[Event "7. LGA Premium Cup"]
[Site "Nürnberg"]
[Date "2010.09.03"]
[Round "2.42"]
[White "Rausch, Wolfgang"]
[Black "Rotstein, Jefim"]
[Result "0-1"]
[WhiteElo "1794"]
[BlackElo "2310"]
[PlyCount "38"]
[EventDate "2010.??.??"]
[WhiteTeam "VSG 1880 Offenbach"]
[BlackTeam "Ford-Schachfreunde Köln e.V."]

1. c4 e5 2. e4 Nf6 3. Nc3 Nc6 4. Nf3 d6 5. Be2 Be7 6. O-O Nd4 7. d3 Nxe2+ 8.
Qxe2 Bg4 9. Bg5 O-O 10. Nd1 Nh5 11. Bxe7 Qxe7 12. h3 Nf4 13. Qe3 Bh5 14. Nc3 c6
15. Rad1 f5 16. d4 fxe4 17. Qxe4 Nxh3+ 18. Kh2 Bxf3 19. gxf3 Nf4 0-1

[Event "7. LGA Premium Cup"]
[Site "Nürnberg"]
[Date "2010.09.03"]
[Round "2.43"]
[White "Wagner, Florian"]
[Black "Hörmann, Gunther"]
[Result "1/2-1/2"]
[WhiteElo "2306"]
[BlackElo "2014"]
[PlyCount "82"]
[EventDate "2010.??.??"]
[WhiteTeam "SC Noris-Tarrasch Nürnberg 1873"]
[BlackTeam "TSV Cadolzburg e.V."]

1. e4 c5 2. Nf3 a6 3. c4 d6 4. Be2 e5 5. O-O g6 6. b4 Nf6 7. bxc5 dxc5 8. Bb2
Bd6 9. Nxe5 O-O 10. d3 b5 11. Nd2 Re8 12. f4 Qc7 13. Kh1 Bb7 14. Ndf3 Nbd7 15.
Rc1 b4 16. Qe1 Nh5 17. Nxd7 Qxd7 18. Ne5 Bxe5 19. Bxe5 Ng7 20. Qh4 Rxe5 21.
fxe5 Bc8 22. Qf2 Qc7 23. d4 cxd4 24. Qxd4 Be6 25. Rfd1 Qa5 26. Rd2 h5 27. h3
Bxh3 28. gxh3 Qa3 29. Rb1 Qxh3+ 30. Kg1 Qg3+ 31. Kf1 Qh3+ 32. Ke1 Ne6 33. Qg1
Qh4+ 34. Kd1 Qxe4 35. Rxb4 Qxe5 36. Kc2 Qc5 37. Qb1 Re8 38. Rd5 Nd4+ 39. Rxd4
Rxe2+ 40. Rd2 Qf5+ 41. Kc3 Qf6+ 1/2-1/2

[Event "7. LGA Premium Cup"]
[Site "Nürnberg"]
[Date "2010.09.03"]
[Round "2.44"]
[White "Siegl, Pascal"]
[Black "Safyanowsky, Mark"]
[Result "0-1"]
[WhiteElo "1643"]
[BlackElo "2301"]
[PlyCount "64"]
[EventDate "2010.??.??"]
[WhiteTeam "SW Nürnberg Süd e.V."]
[BlackTeam "SC Dillingen"]

1. e4 g6 2. d4 Bg7 3. Be3 d6 4. c3 Nf6 5. f3 O-O 6. Qd2 Nc6 7. Bd3 e5 8. d5 Ne7
9. Bh6 c6 10. Bxg7 Kxg7 11. c4 cxd5 12. cxd5 Nd7 13. Nh3 Nc5 14. Nf2 Qb6 15. b3
Bd7 16. Na3 f5 17. Nc4 Nxd3+ 18. Qxd3 Qc5 19. O-O b5 20. Nd2 Rac8 21. Rfc1
Qxc1+ 22. Rxc1 Rxc1+ 23. Nf1 Rfc8 24. Nd1 Ng8 25. a4 a6 26. Kf2 R8c2+ 27. Nd2
Nf6 28. Ne3 Rc3 29. Qe2 f4 30. Nd1 R3c2 31. Ke1 Ra2 32. Qd3 Raa1 0-1